Guess The Building By A Fact - Statistics

General Stats
  • This quiz has been taken 3 times
  • The average score is 3 of 15
Answer Stats
Hint Answer % Correct
It Was The Tallest Building For Exactly 41 Years Empire State Building
100%
The Structure Is Located In London, It’s A Clock Tower, And It Survived World War II Big Ben
67%
The Tallest Building In The World Burj Khalifa
67%
It Took 2,000 Years To Build The Great Wall of China
67%
It’s Will Be The Tallest Tower In 2030 Jeddah Tower
33%
It’s Located In New York City And It Is Exactly 1,050 Feet Tall (320 Meters) 53W53
0%
World’s First Fully Golden Hotel Dolce by Whydham Hanoi Golden Lake
0%
It Is A Fire Department In The Movie “Ghostbusters” And Is Real In Real Life (IRL) Ghostbusters Headquarters
0%
It Was First Built In 1885, And It’s The World’s First Building Ever Built Home Insurance Building
0%
It Is A 5-Star Hotel Located In New York City And Built & Completed In 1883 Lotte New York Palace
0%
It Collapsed For Safety Reasons Lubbock TV Transmitter
0%
It’s Famous For Being The Smallest Building In The World Newby-McMahon Building
0%
It’s The First Structure & Building Pyramid of Giza
0%
It Is Currently The Tallest Building In Shanghai, China Shanghai Tower
0%
Its Famous As Being The Thinnest Building Ever Built Steinway Tower
0%
No matching quizzes found
Score Distribution
Percent of People with Each Score
Percentile by Number Answered
Your Score History
You have not taken this quiz